|
|
|
|
| LEADER |
00000cam a2200000 7i4500 |
| 001 |
0000031625 |
| 005 |
20151222.0 |
| 008 |
120315 |
| 020 |
|
|
|a 9675071294
|
| 090 |
0 |
0 |
|a MOR
|b MAL
|
| 100 |
1 |
|
|a Sinniah, Lanka Devi
|
| 245 |
1 |
0 |
|a Dendam kesumat
|c Lanka Devi Sinniah
|
| 260 |
|
|
|a Selangor :
|b Future Text Publications ,
|c 2008
|
| 440 |
|
|
|a Siri balik ke pangkal
|
| 500 |
|
|
|a Children ages 10-12 years old (pink)
|
| 650 |
|
0 |
|a English fiction
|x translations into Malay
|
| 700 |
1 |
|
|a Ahmad Shakir Yahya
|
| 999 |
|
|
|a 0001058057
|b Book
|c Children Collection
|e Perbadanan Perpustakaan Awam Johor
|
| 999 |
|
|
|a 0001058058
|b Book
|c Children Collection
|e Perbadanan Perpustakaan Awam Johor
|
| 999 |
|
|
|a 0001063902
|b Book
|c Children Collection
|e Cawangan Taman Sri Lambak
|
| 999 |
|
|
|a 0001063903
|b Book
|c Children Collection
|e Cawangan Taman Sri Lambak
|
| 999 |
|
|
|a 0001127470
|b Book
|c Children Collection
|e Cawangan Tmn. Ungku Tun Aminah
|
| 999 |
|
|
|a 0001127471
|b Book
|c Children Collection
|e Cawangan Segamat
|
| 999 |
|
|
|a 0001127474
|b Book
|c Children Collection
|e Cawangan Taman Sri Lambak
|
| 999 |
|
|
|a 0001127477
|b Book
|c Children Collection
|e Cawangan Bukit Gambir
|
| 999 |
|
|
|a 0001127478
|b Book
|c Children Collection
|e Cawangan Mersing
|
| 999 |
|
|
|a 0001127481
|b Book
|c Adult Collection
|e Cawangan Pontian
|
| 999 |
|
|
|a 0001137955
|b Book
|c Children Collection
|e Perbadanan Perpustakaan Awam Johor
|
| 999 |
|
|
|a 0001137956
|b Book
|c Children Collection
|e Perbadanan Perpustakaan Awam Johor
|
| 999 |
|
|
|a 0001137957
|b Book
|c Children Collection
|e Perbadanan Perpustakaan Awam Johor
|